[Event "COL-chT (Women)"]
[Site "Risaralda"]
[Date "2023.11.21"]
[Round "5.1"]
[White "Yatacue Perdomo, Ciara Marcela"]
[Black "Diaz Minotta, Marley Clariza"]
[Result "1-0"]
[WhiteElo "1308"]
[BlackElo "1390"]
[PlyCount "65"]
[EventDate "2023.11.19"]
[EventType "team-swiss"]
[EventRounds "7"]
[EventCountry "COL"]
[SourceTitle "CB49_2023"]
[SourceDate "2023.12.06"]
[SourceVersion "1"]
[SourceVersionDate "2023.12.06"]
[SourceQuality "1"]
[WhiteTeam "Cauca (W)"]
[BlackTeam "Choco (W)"]
[WhiteTeamCountry "COL"]
[BlackTeamCountry "COL"]

1. d4 d5 2. e3 e6 3. Nf3 Nf6 4. Bd3 Nc6 5. b3 Nb4 6. Be2 Be7 7. a3 Nc6 8. Bd3 Ne4 9. Nbd2 f5 10. Bb2 0-0 11. c4 b6 12. Qc2 Bb7 13. Rd1 Bh4 14. g3 Bg5 15. h4 Bf6 16. Ke2 e5 17. cxd5 Qxd5 18. Bc4 Qf7 19. Bxf7+ Rxf7 20. dxe5 Be7 21. Nxe4 fxe4 22. Ng5 Bxg5 23. hxg5 Ne7 24. Rd7 Raf8 25. Rh2 Ng6 26. Qxc7 Ba6+ 27. Ke1 Rxd7 28. Qxd7 Bc8 29. Qxa7 Rd8 30. e6 Bd7 31. Qxd7 Rxd7 32. exd7 Nf8 33. d8Q 1-0